Tổng quan về phương trình vi phân đại số /

Wedi'i Gadw mewn:
Manylion Llyfryddiaeth
Prif Awdur: Vũ Tuấn.
Fformat: Erthygl
Iaith:Vietnamese
Tagiau: Ychwanegu Tag
Dim Tagiau, Byddwch y cyntaf i dagio'r cofnod hwn!
Thư viện lưu trữ: Thư viện Trường Đại học Đà Lạt
LEADER 00702nam a2200229 4500
001 DLU090103629
005 ##20120725
040 # # |a DLU  |b vie 
041 # # |a vie 
044 # # |a vn 
100 # # |a Vũ Tuấn. 
245 # # |a Tổng quan về phương trình vi phân đại số /  |c Vũ Tuấn. 
773 # # |t Thông báo khoa học của các trường đại học= Scientific bullentin of universities  |g 2002, tr. 7-13 
920 # # |a Phòng Tạp chí -- Trung tâm Thông tin - Thư viện Trường Đại học Đà Lạt 
994 # # |a DLU 
900 # # |a True 
911 # # |a Nguyễn Thị Thu Phương 
925 # # |a G 
926 # # |a A 
927 # # |a BB 
980 # # |a Thư viện Trường Đại học Đà Lạt